000 00496cam a2200193 4500
008 090401t1974 xxu||||| |||| 00| 0 eng d
020 _a0258969709
035 _a(Sirsi) u60737
041 _aeng
050 _a692.8
110 _aAqua Group
_9865
245 _aPre-contract practice for architects and quantity surveyors
250 _a5th
260 _aLondon
_bCrosby Lockwood Staples
_c1974
300 _ax. 93p. ill. forms. 25cm
350 _a2.5
942 _n0
948 _c04/03/1997
999 _c94251
_d94251